LEADER 03923nam 2200805 a 450 001 9910972321303321 005 20240410144859.0 010 $a9786613716972 010 $a9781280875663 010 $a1280875666 010 $a9789982240642 010 $a9982240641 010 $a9789982240635 010 $a9982240633 010 $a9789982240659 010 $a998224065X 035 $a(CKB)2550000000109934 035 $a(EBL)3001556 035 $a(SSID)ssj0000690019 035 $a(PQKBManifestationID)12225559 035 $a(PQKBTitleCode)TC0000690019 035 $a(PQKBWorkID)10619508 035 $a(PQKB)10744230 035 $a(Au-PeEL)EBL3001556 035 $a(CaPaEBR)ebr10574650 035 $a(OCoLC)923563330 035 $a(OCoLC)1407215422 035 $a(MdBmJHUP)musev2_97491 035 $a(FR-PaCSA)88931773 035 $a(FRCYB88931773)88931773 035 $a(Perlego)2944543 035 $a(MiAaPQ)EBC3001556 035 $a(EXLCZ)992550000000109934 100 $a20090504d2008 uy 0 101 0 $aeng 135 $aurcn||||||||| 181 $ctxt 182 $cc 183 $acr 200 02$aA house in Zambia $erecollections of the ANC and Oxfam at 250 Zambezi Road, Lusaka, 1967-97 /$fedited by Robin Palmer 205 $a1st ed. 210 $aLusaka, Zambia $cBookworld Publishers$d2008 215 $a1 online resource (185 p.) 300 $aDescription based upon print version of record. 311 08$a9789982240512 311 08$a998224051X 327 $a1. Background. Introduction / Robin Palmer -- The story of a house -- 250 Zambezi Road, Roma Township, Lusaka: the Simons, the ANC and Oxfam / Hugh Macmillan -- 'Entabeni' -- a home in Lusaka away from home / Tanya Barben -- Oxfam in Southern Africa in the 1980s / Peter Wiles -- Oxfam's support to the ANC in Zambia in the 1980s / Robin Palmer. 2. The Oxfam representatives in Zambia. Susie Smith (1979-84) -- Anne Lloyd-Williams (interim, mid 1984) -- Mike Edwards (1984-88) -- Pushpanath (1988-92) -- Lucy Muyoyea (1993-97) . 3. The Oxfam desk officer and regional manager. Robin Palmer (1987-95) -- Buying 250 Zambezi Road for Oxfam (1990-92) / Robin Palmer. 4. The incredible Oxfam staff. Dorothy Chikula (1980-93) -- Malatino Daka (1980-98) -- Wilson Kaonza (1981-96) -- Lazarous Chewe (1989-95) -- Victor Pelekamoyo (1992-97). 5. Some friends of Oxfam. 250 Zambezi Road, a friend's view / Gabriel C. Banda -- A recollection of 250 Zambezi Road, Lusaka in 1982-83 / Sue Cavanna. 6. Two postscripts, 2004-05. Susanna 'Susie' Smith returns to Zambia after seventeen years, October 2004 / Gabriel C. Banda -- Susie Smith's final visit to Zambia, May 2005 / Martin Kalungu-Banda. 7. Closing thoughts. Obituary for Susanna 'Susie' Smith / Kevin Watkins -- Closing thoughts / Izzy Birch (1986-93). 330 8 $aThis is a story about a house with a history and about the people who lived or worked there. It captures something of the spirit of the times in the worlds of politics and development, and it discusses the links which were established between Oxfam GB in Zambia and the African National Congress of South Africa. 606 $aHumanitarian assistance, British$zZambia 606 $aCivil rights workers$zZambia 606 $aAnti-apartheid activists$zSouth Africa$vBiography 607 $aZambia$2fast 607 $aSouth Africa$2fast 608 $aBiographies. 608 $aHistory. 608 $aBiographies. 608 $acollective biographies. 608 $aElectronic books. 615 0$aHumanitarian assistance, British 615 0$aCivil rights workers 615 0$aAnti-apartheid activists 676 $a361.26096894 701 $aPalmer$b Robin$0244325 801 0$bMiAaPQ 801 1$bMiAaPQ 801 2$bMiAaPQ 906 $aBOOK 912 $a9910972321303321 996 $aA house in Zambia$94339167 997 $aUNINA